Phổ NMR sử dụng trong phân tích hữu cơ Lý thuyết - Bài tập phổ - Bài giải
HO042 Các phương pháp phổ ứng dụng trong hóa học
সংরক্ষণ করুন:
| প্রধান লেখক: | |
|---|---|
| বিন্যাস: | গ্রন্থ |
| ভাষা: | Undetermined |
| প্রকাশিত: |
TP.HCM
Đại học Quốc gia TP.HCM
2005
|
| বিষয়গুলি: | |
| অনলাইন ব্যবহার করুন: | http://lrc.tdmu.edu.vn/opac/search/detail.asp?aID=2&ID=3482 |
| ট্যাগগুলো: |
ট্যাগ যুক্ত করুন
কোনো ট্যাগ নেই, প্রথমজন হিসাবে ট্যাগ করুন!
|
| Thư viện lưu trữ: | Trung tâm Học liệu Trường Đại học Thủ Dầu Một |
|---|
| LEADER | 00781nam a2200217Ia 4500 | ||
|---|---|---|---|
| 001 | TDMU_3482 | ||
| 008 | 210410s9999 xx 000 0 und d | ||
| 082 | |a 547 | ||
| 090 | |b N4994 | ||
| 100 | |a Nguyễn, Kim Phi Phụng | ||
| 245 | 0 | |a Phổ NMR sử dụng trong phân tích hữu cơ | |
| 245 | 0 | |b Lý thuyết - Bài tập phổ - Bài giải | |
| 245 | 0 | |c Nguyễn Kim Phi Phụng | |
| 260 | |a TP.HCM | ||
| 260 | |b Đại học Quốc gia TP.HCM | ||
| 260 | |c 2005 | ||
| 300 | |a 503tr. | ||
| 520 | |a HO042 Các phương pháp phổ ứng dụng trong hóa học | ||
| 650 | |a Hoá hữu cơ | ||
| 856 | |u http://lrc.tdmu.edu.vn/opac/search/detail.asp?aID=2&ID=3482 | ||
| 980 | |a Trung tâm Học liệu Trường Đại học Thủ Dầu Một | ||